<?xml version="1.0" encoding="UTF-8"?><?xml-stylesheet type="text/xsl" href="static/style.xsl"?><OAI-PMH xmlns="http://www.openarchives.org/OAI/2.0/" xmlns:xsi="http://www.w3.org/2001/XMLSchema-instance" xsi:schemaLocation="http://www.openarchives.org/OAI/2.0/ http://www.openarchives.org/OAI/2.0/OAI-PMH.xsd"><responseDate>2026-06-03T19:21:18Z</responseDate><request verb="GetRecord" identifier="oai:riuma.uma.es:10630/29917" metadataPrefix="marc">https://riuma.uma.es/rest/oai/request</request><GetRecord><record><header><identifier>oai:riuma.uma.es:10630/29917</identifier><datestamp>2026-02-03T12:04:03Z</datestamp><setSpec>com_10630_2254</setSpec><setSpec>col_10630_37959</setSpec></header><metadata><record xmlns="http://www.loc.gov/MARC21/slim" xmlns:dcterms="http://purl.org/dc/terms/" xmlns:doc="http://www.lyncode.com/xoai" xmlns:xsi="http://www.w3.org/2001/XMLSchema-instance" xsi:schemaLocation="http://www.loc.gov/MARC21/slim http://www.loc.gov/standards/marcxml/schema/MARC21slim.xsd">
   <leader>00925njm 22002777a 4500</leader>
   <datafield ind2=" " ind1=" " tag="042">
      <subfield code="a">dc</subfield>
   </datafield>
   <datafield ind2=" " ind1=" " tag="720">
      <subfield code="a">Calleja-Reina, Marina</subfield>
      <subfield code="e">author</subfield>
   </datafield>
   <datafield ind2=" " ind1=" " tag="720">
      <subfield code="a">Sotillo Méndez, María</subfield>
      <subfield code="e">author</subfield>
   </datafield>
   <datafield ind2=" " ind1=" " tag="260">
      <subfield code="c">2024-01-22</subfield>
   </datafield>
   <datafield ind2=" " ind1=" " tag="520">
      <subfield code="a">En Europa se consideran las enfermedades minoritarias (EM), son aquellas que afectan a menos de 1 casos por 2.000 personas (Orphanet, 2020). En muchas ocasiones las enfermedades minoritarias presentan comorbilidad con necesidades complejas de comunicación. &#xd;
Objetivo:&#xd;
El presente trabajo tiene por objetivo el análisis de las características de producción de las personas con síndrome Syngap1 y de Síndrome X frágil.&#xd;
Metodología:&#xd;
Los datos procedían de una encuesta on-line enviada a las asociaciones de familias con personas con estos síndromes. Se analizaron 36 respuestas de personas con diagnósticos SynS1 y X frágil (19 eran personas con Syngap1 y 17 eran personas con diagnóstico de X Frágil), con edad media de 17,4 años, desviación típica 11,3 (edades comprendidas entre los 4 y los 48 años), de los cuales 20 eran hombres y 16 mujeres.&#xd;
Resultados&#xd;
De los análisis se desprende en primer lugar se observa diferencia en el uso de vocalizaciones, llantos y movimientos corporales para las dos poblaciones. Las personas con Syngap1 utilizan estas formas no verbales de expresión en un 72,2% de las veces, frente al 13,3% de las personas con X frágil. En cuanto a la repetición de palabras, frases o melodías se da más en personas con x frágil (41,1%) que en Syngap1 (27,0%). En cuanto a las ecolalias demoradas los datos ponen de manifiesto que no se observan en personas con Syng1 (62,5%) ni en personas con X frágil (32,2%). &#xd;
Los resultados pusieron de manifiesto que el 83,3% de las personas con Syngap1 no muestran un habla clara, frente al 29,4% de las personas con X Frágil. Por el contrario, el 60% de las personas con X frágil manifiestan utilizar habla con alteraciones de la voz, frente al 11,8% de personas con SynS1. No se observan grandes diferencias entre los grupos en cuanto a la presencia de habla metálica, entonación inadecuada o emisiones entrecortadas.</subfield>
   </datafield>
   <datafield ind1="8" ind2=" " tag="024">
      <subfield code="a">https://hdl.handle.net/10630/29917</subfield>
   </datafield>
   <datafield tag="653" ind2=" " ind1=" ">
      <subfield code="a">Lenguaje - Trastornos - Congresos</subfield>
   </datafield>
   <datafield tag="653" ind2=" " ind1=" ">
      <subfield code="a">Lingüística - Congresos</subfield>
   </datafield>
   <datafield ind2="0" ind1="0" tag="245">
      <subfield code="a">Análisis de las características de la producción verbal oral de personas con Síndrome X Frágil y personas con síndrome Syngap1</subfield>
   </datafield>
</record>
</metadata></record></GetRecord></OAI-PMH>